<The> use of influence strategies in interfirm relationships in industrial product channels.

Charakteristika systému tokov vo vzťahoch medzi dodávateľmi a distributérmi priemyselných výrobkov. Význam sily niektorých priemyselných podnikov pri vytváraní vzťahov medzi dodávateľmi a odberateľmi. Riešenie konfliktov v týchto vzťahoch.

Enregistré dans:
Détails bibliographiques
Auteur principal: Frazier, G.L
Autres auteurs: Rody, R.C
Format: Chapitre de livre
Langue:anglais
Sujets:
Tags: Ajouter un tag
Pas de tags, Soyez le premier à ajouter un tag!

MARC

LEADER 00000naa a2200000 4500
001 r003783
005 20221213084250.0
041 0 |a eng 
044 |a US 
245 1 0 |a <The> use of influence strategies in interfirm relationships in industrial product channels.  |c G.L. Frazier, R.C. Rody 
520 |a Charakteristika systému tokov vo vzťahoch medzi dodávateľmi a distributérmi priemyselných výrobkov. Význam sily niektorých priemyselných podnikov pri vytváraní vzťahov medzi dodávateľmi a odberateľmi. Riešenie konfliktov v týchto vzťahoch. 
610 2 0 |a podnik priemyselný 
610 2 0 |a tok tovaru 
610 2 0 |a výrobky priemyselné 
610 2 0 |a dodávatelia 
610 2 0 |a distribúcia 
100 1 |a Frazier, G.L. 
700 1 |a Rody, R.C.